| 000 | 00536nam a2200193 a 4500 | ||
|---|---|---|---|
| 005 | 20140311163024.0 | ||
| 008 | 080110s19uu xx 00 eng d | ||
| 020 | _a1873150601 | ||
| 050 |
_aG 155.A1 _b.T56 2005 |
||
| 100 | _aTimothy, Dallen J. | ||
| 245 |
_aShopping tourism, retailing, and leisure / _cDallen J. Timothy. |
||
| 260 |
_aClevedon : _bChannel View Publications, _c2005. |
||
| 300 |
_a222 p. : _c21 cm. |
||
| 521 | _aTOU | ||
| 650 | _aTourism. | ||
| 650 | _aRetail trade. | ||
| 942 |
_cBK _2lcc _kFOR |
||
| 999 |
_c39510 _d39510 |
||